मल्लिक घराना दरभंगा घराना के ध्रपुद गायक पं. क्षितिपाल मल्लिक का व्याक्तित्व और कृतित्व (Record no. 887721)

MARC details
000 -LEADER
fixed length control field 01542nam a2200265Ia 4500
003 - CONTROL NUMBER IDENTIFIER
control field OSt
005 - DATE AND TIME OF LATEST TRANSACTION
control field 20220930094820.0
008 - FIXED-LENGTH DATA ELEMENTS--GENERAL INFORMATION
fixed length control field 220926b |||||||| |||| 00| 0 hin d
037 ## - SOURCE OF ACQUISITION
Terms of availability Theses
040 ## - CATALOGING SOURCE
Original cataloging agency CRL
Transcribing agency CRL
Language of cataloging hin
041 ## - LANGUAGE CODE
Source of code hin
Language code of text/sound track or separate title hin
100 ## - MAIN ENTRY--PERSONAL NAME
Personal name पाठक, प्रभाकर नारायाण
9 (RLIN) 167283
110 ## - MAIN ENTRY--CORPORATE NAME
Corporate name or jurisdiction name as entry element दिल्ली विश्वविद्यालय. संगीत एवं ललित कला संकाय. संगीत एवं ललित कला विभाग
9 (RLIN) 556362
245 #0 - TITLE STATEMENT
Title मल्लिक घराना दरभंगा घराना के ध्रपुद गायक पं. क्षितिपाल मल्लिक का व्याक्तित्व और कृतित्व
246 ## - VARYING FORM OF TITLE
Title proper/short title Mallik gharānā darabhangā gharānā ke dhrapud gāyak pan. Kṣhitipāl mallik kā vyāktitva aur kṛutitva
260 ## - PUBLICATION, DISTRIBUTION, ETC.
Date of publication, distribution, etc. 2014
650 ## - SUBJECT ADDED ENTRY--TOPICAL TERM
Topical term or geographic name entry element संगीत शास्त्र
700 ## - ADDED ENTRY--PERSONAL NAME
Personal name प्रो. मधुबाला सक्सेना, गा.
9 (RLIN) 556363
700 ## - ADDED ENTRY--PERSONAL NAME
Personal name दिल्ली विश्वविद्यालय. संगीत एवं ललित कला संकाय. संगीत एवं ललित कला विभाग
9 (RLIN) 556364
942 ## - ADDED ENTRY ELEMENTS (KOHA)
Koha item type Dissertations
Source of classification or shelving scheme Colon Classification (CC)
Holdings
Withdrawn status Lost status Damaged status Not for loan Home library Current library Date acquired Total Checkouts Barcode Date last seen Price effective from Koha item type
        Central Library Central Library 2022-09-30   TH0021502 2022-09-30 2022-09-30 Thesis
Copyright @ Delhi University Library System